Pays Vainqueurs de la Coupe du Monde de la FIFA - Mort subite - Statistiques

Statistiques générales
  • Ce quiz a été pris 7 fois
  • Le résultat moyen est 9 sur 11
Answers on the Grid
Answers color-coded by a green-red scale on the quiz's grid according to % correct below.
Uruguay
Italie
Allemagne
Brésil
Angleterre
Argentine
France
Espagne
Etats-Unis
Norvège
Pays-Bas
Japon
Suède
Croatie
Hongrie
Chine
URSS
Portugal
Sénégal
Belgique
 
Statistiques - réponses
Réponse % Correct
CDM masculine :1978, 1986, 2022 Argentine
100%
CDM masculine : 2010
et féminine : 2023
Espagne
100%
CDM masculine :1998, 2018 France
100%
CDM masculine :1930 et 1950 Uruguay
100%
CDM masculine :1954, 1974, 1990 et 2014 (RFA incluse)
et féminine : 2003, 2007
Allemagne
86%
CDM masculine :1966 Angleterre
86%
CDM masculine :1958, 1962, 1970, 1994, 2002 Brésil
86%
CDM masculine :1934, 1938, 1982 et 2006 Italie
86%
CDM féminine : 1991, 1999, 2015, 2019 Etats-Unis
57%
CDM féminine : 2011 Japon
43%
CDM féminine : 1995 Norvège
14%
Aucun quiz correspondant
Distribution des résultats
% des personnes avec chaque résultat
Percentile par nombre de réponses
Votre historique - résultats
Vous n’avez pas pris ce quiz